<?xml version="1.0" encoding="UTF-8"?><?xml-stylesheet type="text/xsl" href="static/style.xsl"?><OAI-PMH xmlns="http://www.openarchives.org/OAI/2.0/" xmlns:xsi="http://www.w3.org/2001/XMLSchema-instance" xsi:schemaLocation="http://www.openarchives.org/OAI/2.0/ http://www.openarchives.org/OAI/2.0/OAI-PMH.xsd"><responseDate>2026-04-17T05:48:58Z</responseDate><request verb="GetRecord" identifier="oai:www.recercat.cat:2072/474968" metadataPrefix="marc">https://recercat.cat/oai/request</request><GetRecord><record><header><identifier>oai:recercat.cat:2072/474968</identifier><datestamp>2025-05-08T15:24:57Z</datestamp><setSpec>com_2072_98</setSpec><setSpec>col_2072_378192</setSpec></header><metadata><record xmlns="http://www.loc.gov/MARC21/slim" xmlns:dcterms="http://purl.org/dc/terms/" xmlns:xsi="http://www.w3.org/2001/XMLSchema-instance" xmlns:doc="http://www.lyncode.com/xoai" xsi:schemaLocation="http://www.loc.gov/MARC21/slim http://www.loc.gov/standards/marcxml/schema/MARC21slim.xsd">
   <leader>00925njm 22002777a 4500</leader>
   <datafield ind2=" " ind1=" " tag="042">
      <subfield code="a">dc</subfield>
   </datafield>
   <datafield ind2=" " ind1=" " tag="720">
      <subfield code="a">Carrillo Pérez, Nereida</subfield>
      <subfield code="e">author</subfield>
   </datafield>
   <datafield ind2=" " ind1=" " tag="260">
      <subfield code="c">2022</subfield>
   </datafield>
   <datafield ind2=" " ind1=" " tag="520">
      <subfield code="a">Negrín, Pasionaria, Alberti, Líster i el govern republicà van salvar la vida enlairant-se des de l'aeròdrom de Monòver (Vinalopó Mitjà) cap a l'exili. Més de 80 anys després, aquesta i altres poblacions de la vall del Vinalopó protagonistes dels últims dies del govern de la Segona República expliquen el tabú de la desfeta i dels valors republicans. Entrebancs polítics, econòmics i pandèmics, a més de la reticència d'alguns propietaris, ho havien impedit fins ara.</subfield>
   </datafield>
   <datafield ind2="0" ind1="0" tag="245">
      <subfield code="a">La memòria republicana aterra de l'exili</subfield>
   </datafield>
</record></metadata></record></GetRecord></OAI-PMH>